000 02613cam a2200313 i 4500
001 768714001
003 CO-MdFUSB
005 20230601103211.0
007 ta
008 211120t2005 sp ||||| |||| 00| 0 spa d
020 _a84-8164-778-0
040 _bspa.
_aCO-MdFUSB
_cCO-MdFUSB
_dCO-MdFUSBC
_erda
041 _aspa
082 0 4 _223
_aR 230.3
_bT153n
245 1 0 _aNuevo Diccionario de Teología /
_cJuan José Tamayo Acosta, Director
264 1 _aMadrid :
_bTrotta,
_c[2005]
264 4 _c© 2005
300 _a989 páginas
_c; 23 cm
336 _2rdacontent
_atexto
_btxt
337 _2rdamedia
_asin mediación
_bn
338 _2rdacarrier
_avolumen
_bnc
505 _aAgnosticismo - Amor - Anglicanismo - Antiguo Testamento - Antropología teológica - Apócrifos - Autoridad y poder - Bautismo y Confirmación - Biblia - Bienaventuranzas - Bioética - Carisma e institución - Catolicismo - Ciencia y religión - Comunidad - Concilios - Consejo Mundial de Iglesias, CMI - Conversión - Creación y ecología - Credo/confesiones de fe - Creencia e increencia - Cristianismo - Cristología - Culto - Diálogo inter- e intrareligioso - Dios - Dogma - Ecumenismo - Escatología - Esperanza - Espíritu Santo - Espiritualidad - Estética y religión - Ética teológica - Eucaristía - Evangelio - Experiencia religiosa - Fe - Filosofía y religión - Fuente Q - Fundamentalismo - Globalización y experiencia religiosa - Gnosis - Gracia y ley - Hermenéutica - Identidad cristiana - Iglesia - Iglesias ortodoxas - Interculturalidad y cristianismo - Jesús de Nazaret - Judaísmo - Justificación y justicia - Lenguaje religioso - Liberación - Libertad - Magisterio - Mal - María - Matrimonio - Mesianismo - Milagro - Ministerios - Misión/evangelización - Misterio - Mística - Mito y desmitologización - Modernidad, postmodernindad y cristianismo - Monoteísmo y politeísmo - Muerte - Nuevo Testamento - Opción por los pobres - Oración - Patrística - Paz y violencia - Pecado/culpa - Pecado original - Penitencia - Pentecostalismo - Profetismo - Protestantismo - Qumrán - Reino de Dios - Religión - Resurección - Revelación - Sacramentos - Salvación/soteriología - Símbolo - Solidaridad - Teísmo y ateísmo - Teodicea - Teología - Teología política - Teología de la religiones - Teologías feministas - Teologías de la liberación - Teologías del siglo XX - Tradición - Trinidad - Verdad - Virtud
563 _aTapa dura
653 _aTeología
653 _aDiccionario
700 _94663
_aTamayo Acosta, Juan José,
_edirector
942 _cREF
945 _aMag 1104
999 _c42525
_d42525